चैत की दोपहर में / (Record no. 210371)

MARC details
000 -LEADER
fixed length control field 00942nam a22001817a 4500
005 - DATE AND TIME OF LATEST TRANSACTION
control field 20250318160107.0
010 ## - LCCN (DPL NO)
LC control number HIN-129534
020 ## - INTERNATIONAL STANDARD BOOK NUMBER
International Standard Book Number 9789381989418
Terms of availability 250.00
035 ## - SYSTEM CONTROL NUMBER
System control number HN-101880
037 ## - SOURCE OF ACQUISITION
Source of stock number/acquisition DBAD
082 ## - DEWEY DECIMAL CLASSIFICATION NUMBER
Classification number
245 ## - TITLE STATEMENT
Title चैत की दोपहर में /
Statement of responsibility, etc योगेन्द्र चौधरी
Remainder of title ज्ञानपीठ पुरुस्कार से सम्मानित साहित्यकार, आशापूर्णा देवी
260 ## - PUBLICATION, DISTRIBUTION, ETC. (IMPRINT)
Place of publication, distribution, etc नई दिल्ली
Name of publisher, distributor, etc सजल पब्लिशर्स एंड डिस्ट्रीब्यूटर्स
Date of publication, distribution, etc 2021
270 ## - ADDRESS
Address 500/3-L, गली नं. 2, विश्वास नगर, शाहदरा,
City दिल्ली
Postal code 110032
300 ## - PHYSICAL DESCRIPTION
Extent 88पृ.
Dimensions 22 सेमी (सजिल्द )
700 ## - ADDED ENTRY--PERSONAL NAME
Personal name योगेन्द्र चौधरी
9 (RLIN) 79747
942 ## - ADDED ENTRY ELEMENTS (KOHA)
Source of classification or shelving scheme Dewey Decimal Classification
Item type Hindi Books
Classification part
Call number suffix चैतकी
Holdings
Withdrawn status Lost status Not for loan Collection code Home library Current library Date acquired Source of acquisition Cost, normal purchase price Full call number Barcode Copy number Cost, replacement price Koha item type
      Fiction Ashok Vihar Ashok Vihar 18/03/2025 DBAD 250.00 उ चैतकी HN-101880 1 250.00 Hindi Books

© Delhi Public Library
Hit Counter
free hit counter